02559cam a22004694i 4500003000900000005001700009008004100026020002800067020003100095035002700126035002100153040012100174050002500295082002000320100003900340245009000379264005300469300004500522336002100567337002500588338002300613504004000636505034500676520069201021526001001713526001001723526001001733526001001743526000801753526000801761526000801769526000801777526000801785526000801793526000801801630004701809630005601856650004501912650005001957650004202007650004002049PE-LiUPU20250731173039.0151119s2016 mou rb 001 0 eng  a0801097762q(tapa dura) a9780801097768q(tapa dura) a(Sirsi) i9780801097768 a(OCoLC)927382746 aDLCbspaerdacDLCdYDXdYDXCPdBTCTAdBDXdOCLCFdKATdLNTdXIIdNZABTdOCLCQdCHVBKdOCLCQdOCLCOdOCLCAdPE-LiUPU00aBS2655.T57bK44 201600a227.06bK342231 aKeener, Craig S.,d1960- ,eautor.14aThe mind of the spirit :bPaul's approach to transformed thinking /cCraig S. Keener. 1aGrand Rapids, Michigan :bBaker Academic,c2016. axliii, 402 páginas ;c23 centímetros atext2rdacontent aunmediated2rdamedia avolume2rdacarrier aBibliografía : páginas 281-326.0 a1. The corrupted mind (Rom. 1:18-32) -- 2. The mind of faith (Rom. 6:11) -- 3. The mind of the flesh (Rom. 7:22-25) -- 4. The mind of the Spirit (Rom. 8:5-7) -- 5. A renewed mind (Rom. 12:1-3) -- 6. The mind of Christ (1 Cor. 2:15-16) -- 7. A Christlike mind (Phil. 2:1-5; 3:19-21; 4:6-8) -- 8. The heavenly mind (Col. 3:1-2) -- Conclusion. aThis work explores an important but neglected area of Pauline theology, Paul's teaching about the mind. In discussing matters such as the corrupted mind, the mind of Christ, and the renewal of the mind, Paul adapts language from popular intellectual thought in his day, but he does so in a way distinctively focused on Christ and Christ's role in the believer's transformation. Keener enables readers to understand this thought world so they can interpret Paul's language for contemporary Christian life. The book helps overcome a false separation between following the Spirit and using human judgment and provides a new foundation for relating biblical studies and Christian counseling. aSEG42 aSEG41 aSEG40 aSEG39 aP94 aP87 aP86 aP85 aP77 aP76 aP3500aBiblia.pEpístolas de PabloxTeología.07aBible.pEpistles of Paul.2fast0(OCoLC)fst01808029 0aThought and thinkingxBiblical teaching. 4aPensamiento y pensandoxEnseñanza bíblica 7aTeología.2fast0(OCoLC)fst01149559 7aTheology.2fast0(OCoLC)fst01149559